Fun flags of australia and oceania. - Statistics

General Stats
  • This quiz has been taken 54 times
  • The average score is 13 of 15
Answer Stats
Picture Hint Answer % Correct
aussie australia
95%
nz new zealand
95%
fi fiji
93%
pal palau
93%
tuv Tuvalu
93%
sol solomon islands
91%
kir kiribati
89%
mic micronesia
89%
nau nauru
86%
png papua new guinea
86%
sam samoa
86%
ton tonga
86%
mar Marshall islands
84%
van Vanuatu
84%
mar marshall islands
82%
No matching quizzes found
Score Distribution
Percent of People with Each Score
Percentile by Number Answered
Your Score History
You have not taken this quiz